000
00293nam a2200121Ia 4500
008
190216s9999||||xx |||||||||||||| ||und||
100
_a
Narang.A.S
245
0
_a
Democracy In India: Issues & Challanage
260
_b
Ncrt - Newdelhi
_c
2003
300
_a
287
650
_a
History
942
_c
REF
999
_c
36711
_d
36711